Spomienky na Júliusa Fučíka : 1939-1945 /

Main Author: Fučíková, Gusta, 1903-1987
Language: Slovak
Published: Bratislava : Pravda, 1976
Edition: 1. vyd.
Series: Členská knižnica (Pravda)
Physical Description: 516 s. ; 8°
Book
Saved in:
LEADER 00897nam a22002532a 4500
001 001223531
003 CZ BrMZK
005 20130206140811.0
007 ta
008 120615s1976 xo er|||||||||||slo d
040 |a ABA001  |b cze  |c ABA001  |d BOA001 
041 1 |a slo  |h cze 
100 1 |a Fučíková, Gusta,  |d 1903-1987  |7 jk01032118  |4 aut 
245 1 0 |a Spomienky na Júliusa Fučíka :  |b 1939-1945 /  |c Gusta Fučíková ; z českého originála ... preložil Vasil Jasenčák ; verše prebásnil Ján Turan 
250 |a 1. vyd. 
260 |a Bratislava :  |b Pravda,  |c 1976 
300 |a 516 s. ;  |c 8° 
490 1 |a Členská knižnica Pravda 
765 0 |t Vzpomínky na Julia Fučíka  |9 Slovensky 
830 0 |a Členská knižnica (Pravda)  |0 s 
910 |a BOA001  |b 2-0752.522 
990 |a BK 
991 |b 201206 
996 7 |b 2619533891  |c 2-0752.522  |l MZK  |r Sklad / do 1 hodiny  |n 0  |w 001257366  |u 000010  |a 1  |e BOA001  |j MZK50  |s A